Principes de logique et de philosophie mathématique /
Guardado en:
| Autor Principal: | |
|---|---|
| Formato: | Libro |
| Idioma: | French |
| Publicado: |
[Bucuresti] :
Éditions de l'Académie de la République Socialiste de Roumanie,
1971.
|
| Etiquetas: |
Agregar Etiqueta
Sin Etiquetas, Sea el primero en etiquetar este registro!
|
| LEADER | 00665cam a22001815 4500 | ||
|---|---|---|---|
| 001 | MAT.inmabb001994 | ||
| 008 | 760626s1971####rm#######b####000#0#fre#d | ||
| 005 | 20160621122043.0 | ||
| 245 | 1 | 0 | |a Principes de logique et de philosophie mathématique / |c Octav Onicescu. |
| 260 | |a [Bucuresti] : |b Éditions de l'Académie de la République Socialiste de Roumanie, |c 1971. | ||
| 300 | |a 229 p. ; |c 25 cm. | ||
| 504 | |a Bibliografía: p. [225]-229. | ||
| 510 | 4 | |a MR, |c 54 #12435 | |
| 100 | 1 | |a Onicescu, Octav, |d 1892-1983. | |
| 084 | |a 00A30 (03A05) |2 msc2000 | ||
| 010 | |a 71869132 | ||
| 859 | |h 00A30 |i On58 |p A-3617 |b BIB. MATEMATICA | ||
| 859 | |h 00A30 |i On58 |p A-5713 |t Ej. 2 |b BIB. MATEMATICA | ||
